| 000 | 00454nam a2200157 a 4500 | ||
|---|---|---|---|
| 001 | 000031200 | ||
| 005 | 20200930062752.0 | ||
| 008 | 110614s2007 dr acd 000 | spa d | ||
| 040 |
_aDO-SdBNP _bspa _cBNPHU |
||
| 082 |
_axxx _bB213m |
||
| 110 | 2 |
_aBanco Popular Dominicano _96892 |
|
| 245 | 1 | 0 |
_aMemoria anual : _b2007. |
| 260 |
_aSanto Domingo : _bBanco Popular Dominicano, _c[2007?]. |
||
| 300 |
_a153 p. : _bil., retrs. diagr. ; _c29 cm. |
||
| 049 | _aBNPD | ||
| 999 |
_c30692 _d30692 |
||